100 plus grandes villes d'Espagne - Carte - Statistiques

Statistiques générales
  • Ce quiz a été pris 6 909 fois
  • Le résultat moyen est 25 sur 100
Réponses sur la Carte
Les réponses sont colorées sur une échelle allant du rouge au vert en fonction du pourcentage des utilisateurs qui les ont devinées à leur premier essai. Vous pouvez retrouver ces pourcentages ci-dessous.
 
Statistiques - réponses
Pop Ville % Correct
1,62 m Barcelone
99%
3,22 m Madrid
99%
688 k Séville
94%
791 k Valence
93%
345 k Bilbao
88%
571 k Malaga
81%
409 k Palma de Mallorque
78%
667 k Saragosse
75%
232 k Grenade
67%
298 k Valladolid
56%
331 k Alicante
55%
447 k Murcie
55%
116 k Cadix
54%
325 k Cordoue
54%
199 k Pampelune
54%
293 k Vigo
53%
244 k La Corogne
51%
100 k Gérone
50%
85.1 k Ceuta
48%
96.4 k Saint-Jacques-de-Compostelle
46%
172 k Santander
43%
271 k Gijón
42%
84.2 k Tolède
42%
220 k Oviedo
41%
196 k Almería
40%
86.4 k Melilla
40%
378 k Las Palmas
39%
132 k Tarragone
39%
180 k Getafe
38%
124 k León
36%
175 k Burgos
35%
143 k Salamanque
34%
141 k Marbella
31%
230 k Elche
28%
249 k Vitoria-Gasteiz
28%
144 k Huelva
27%
150 k Badajoz
25%
204 k Santa Cruz
24%
173 k Albacete
23%
113 k Jaén
22%
213 k Carthagène
21%
98.0 k Lugo
19%
137 k Lérida
18%
96.1 k Cáceres
17%
186 k Donostia
17%
188 k Leganés
17%
212 k Jerez de la Frontera
16%
84.9 k Guadalajara
15%
121 k Algesiras
14%
217 k Badalona
14%
105 k Orense
14%
82.8 k Pontevedra
14%
261 k L'Hospitalet de Llobregat
13%
211 k Sabadell
13%
170 k Castellón de la Plana
12%
103 k Reus
12%
78.6 k Palencia
11%
218 k Terrassa
11%
169 k Alcorcón
9%
78.7 k Avilés
9%
133 k Dos Hermanas
9%
126 k Mataró
9%
193 k Alcalá de Henares
8%
207 k Móstoles
8%
193 k Fuenlabrada
7%
151 k Logrogne
7%
100 k Barakaldo
6%
78.2 k Getxo
6%
93.1 k Lorca
6%
95.2 k San Fernando
6%
81.2 k Torrent
6%
82.5 k Torrevieja
6%
116 k Alcobendas
5%
75.3 k Fuengirola
5%
128 k Parla
5%
94.9 k Roquetas de Mar
5%
155 k San Cristobal
5%
87.7 k San Sebastián de los Reyes
5%
80.8 k Vélez-Málaga
5%
83.8 k Chiclana de la Frontera
4%
87.1 k Cornellà de Llobregat
4%
84.7 k El Ejido
4%
88.3 k El Puerto de Santa María
4%
95.5 k Las Rozas de Madrid
4%
76.2 k Manresa
4%
76.7 k Orihuela
4%
83.0 k Talavera de la Reina
4%
102 k Telde
4%
129 k Torrejón de Ardoz
4%
75.2 k Alcalá de Guadaíra
3%
79.4 k Arona
3%
81.8 k Coslada
3%
80.6 k Mijas
3%
86.2 k Pozuelo de Alarcón
3%
76.3 k Rubí
3%
118 k Santa Coloma de Gramenet
3%
82.9 k Sant Boi de Llobregat
3%
74.7 k Valdemoro
3%
85.9 k Rivas-Vaciamadrid
2%
90.7 k Sant Cugat del Vallès
2%
Aucun quiz correspondant
Distribution des résultats
% des personnes avec chaque résultat
Percentile par nombre de réponses
Votre historique - résultats
Vous n’avez pas pris ce quiz